000 00759nam a2200253Ia 4500
003 OSt
005 20220927110420.0
006 a|||||r|||| 00| 0
007 ta
008 220926b |||||||| |||| 00| 0 eng d
024 _a76201
037 _cReports
040 _aRTL
_cRTL
_beng
041 _2eng
_aeng
082 _a"X723.25267.N38t, G9"
110 _a"Uttar Pradesh, Revenue (Deptt.)"
_9378101
245 0 _aFinal settlement report of the Bijnor District
260 _aAllahabad
_bSuptd Printing and Stationery India
_c1939
300 _a49 p
_ccm.
650 _aLand Taxation
700 _a"Uttar Pradesh, Revenue (Deptt.)"
_9378102
942 _h"X723.25267.N38t, G9"
_cCC
999 _c696613
_d696613